00786nam a2200241Ia 4500003000900000005001700009008004100026040001300067040001300080041000800093100003100101100001400132245011800146250000900264260001800273260000900291300001000300490000600310700002400316942001200340999001100352952018100363IT-RoPAU20220918175246.0120407s9999 xx 000 0 und d aIT-RoPAU cIT-RoPAU aita aGiovanni Santinello934125 ccoll.946 aI problemi della pedagogia e della filosofia. La pedagogia nei rapporti con la filosofia, le scienze e la cultura aRoma aCittà Nuova c1982 c21 cm v1 aGuido Giugni934126 cBK2ddc c92d92 00102ddc406109_32000000000000071aPAULUSbPAULUSd2012-04-11l0o109.32r2012-04-11 00:00:00w2012-04-11yBKzInserito da: In data: n.d. fondo: Via A.Severo 56 Progr:11261